Países de la Unión Europea- ¡Muerte súbita! - Estadísticas

Estadísticas generales
  • Esta prueba ha sido intentada 94 veces
  • La puntuación promedio es 14 de 27
Answers on the Grid
Answers color-coded by a green-red scale on the quiz's grid according to % correct below.
Italia
República Checa
Noruega
Dinamarca
Moldavia
Irlanda
Turquía
Estonia
Rumania
Alemania
Mónaco
Suiza
Liechtenstein
Eslovaquia
Albania
Islandia
Luxemburgo
Finlandia
Suecia
Croacia
Polonia
Bulgaria
Reino Unido
Georgia
Bélgica
Francia
Letonia
Grecia
España
Chipre
Hungría
Bosnia y Herzegovina
Austria
Lituania
Malta
Países Bajos
Kosovo
Portugal
Eslovenia
 
Estadísticas de respuestas
Respuesta % Correcto
España
75%
Francia
73%
Italia
73%
Alemania
71%
Países Bajos
69%
Bélgica
67%
Grecia
63%
Polonia
63%
Portugal
63%
Dinamarca
60%
Austria
56%
Hungría
56%
Luxemburgo
52%
República Checa
52%
Suecia
52%
Croacia
48%
Eslovenia
48%
Eslovaquia
46%
Finlandia
46%
Irlanda
44%
Bulgaria
42%
Letonia
40%
Lituania
40%
Rumania
38%
Estonia
35%
Malta
35%
Chipre
31%
No se encontraron pruebas coincidentes
Distribución de puntuación
Porcentaje de gente con cada puntuación
Porcentaje por número respondido
Historial de tus puntuaciones
No has intentado esta prueba.